000 00560cam a2200181 4500500
005 20260405003851.0
041 _afre
042 _adc
100 1 0 _aAckah-Miezan, Virgile
_eauthor
245 0 0 _aMartial Gueroult : philosophe de la philosophie
260 _c2024.
500 _a73
690 _aDescartes
690 _aRéalité
690 _aVérité
786 0 _nPhilosophie magazine | 182 | 9 | 2024-09-01 | p. 60-61 | 1951-1787
856 4 1 _uhttps://shs.cairn.info/magazine-philosophie-magazine-2024-9-page-60?lang=fr&redirect-ssocas=7080
999 _c2071623
_d2071623